LEADER 01503nam a2200349 u 4500 001 000000048565 003 CaOOAMICUS 005 20070226115019.0 008 000512s2000 it u000 u ita u 020 $a8804127139 035 $a10847496 040 $aPUL$bita 041 1 $aita$alat 100 1 $aCatullus, Gaius Valerius,$dc. 84-c. 54 a.C.$0(OLS)http://pul/name/6622 240 10$aCarmina$9(Catullus, Gaius Valerius, c. 84-c. 54 a.C.).$lItaliano e latino.$0(OLS)http://pul/title/9557 245 13$aLe poesie /$cCatullo ; a cura di Francesco Della Corte. 250 $a8. ed. 260 $a[Roma] :$bFondazione Lorenzo Valla ;$a[Milano] :$bMondadori,$c2000. 300 $axxii, 406 p. ;$c21 cm 490 1 $aScrittori greci e latini 500 $aTesto latino con traduzione italiana a fronte. 700 1 $aDella Corte, Francesco,$d1913-1991.$0(OLS)http://pul/name/4716 830 0$aScrittori greci e latini.$0(OLS)http://pul/title/10625 850 $aPUL 852 $aPUL$W1$xDP1 Cons. Gen., Altre Classi 1$y22$m705 M 24$j64685$nBK-PRI$b $qStampati$B64685$CPULBib$Z2$F64685 $H $81 900 $aCatullo,$dc. 84-c. 54 a.C.$96622 941 1 $a8 961 $aINV: 81652 996 $6020$a8804127139$9(OLS)http://pul/number/61106 996 $6245$aLe poesie$9(OLS)http://pul/title/65409 996 $6260$a[Roma] :$bFondazione Lorenzo Valla$9(OLS)http://pul/publisher/51886 996 $6260$a[Milano] :$bMondadori$9(OLS)http://pul/publisher/58970 LEADER 01263nam a2200313 a 4500 001 000000148467 003 CaOOAMICUS 005 20160112112348.0 008 160112s1979 fr u000 u fre r 020 $a2-02-005371-3* 032 $aLibriCat 040 $aPUL$bita 100 1 $aMollat, Donatien,$cS.I.$0(OLS)http://pul/name/25566 245 10$aEtudes johanniques /$cDonatien Mollat, S.J. ; préface de Jacques Guillet. 260 $aParis :$bÉditions du Seuil,$c©1979. 300 $a183 p. ;$c21 cm. 490 1 $aParole de Dieu 500 $aInclude indici. 504 $aBibliografia in nota. 630 04$aBiblia.$pN.T.$pIohannes$xCritica e interpretazione.$0(OLS)http://pul/subject/37920 700 1 $aGuillet, Jacques,$cS.I.,$d1910-2001.$0(OLS)http://pul/name/7978 830 0$aParole de Dieu.$0(OLS)http://pul/title/15496 850 $aPUL 852 $aPUL$W1$xDP1 Fondo Bordoni$y120$m3 E 24$j171121$qFondi$B172349$CPULBib$Z2$F172349 $HBor390 $81 941 1 $a1 996 $6020$a2-02-005371-3*$9(OLS)http://pul/number/159338 996 $6245$aEtudes johanniques$9(OLS)http://pul/title/11136 996 $6260$aParis :$bÉditions du Seuil$9(OLS)http://pul/publisher/54032